Jennie - like JENNIE (Lyrics) - Statistics

General Stats
  • This quiz has been taken 433 times
    108 since last reset
  • The average score is 224 of 279
Answer Stats
Lyrics % Correct
JENNIE?
98%
JENNIE
98%
(JENNIE,
98%
JENNIE,
98%
JENNIE)
98%
I
97%
like
97%
Like,
97%
like,
97%
Like
97%
you
95%
Ha,
94%
me
94%
me,
94%
the
94%
it
92%
it,
92%
be
91%
your
91%
could
89%
they
89%
They
89%
AI
88%
rock
88%
Rock
88%
Who
88%
and
86%
copy
86%
gon'
86%
I'm
86%
wanna
86%
with
86%
couldn't
84%
hard
84%
Don't
83%
don't
83%
fuckin'
83%
hair
83%
Special
83%
think
83%
it's
81%
It's
81%
nails
81%
No,
81%
no
81%
done,
80%
done
80%
ever
80%
hot
80%
tea
80%
to
80%
really
78%
edition
77%
miss
77%
got
73%
in
73%
Keep
72%
keep
72%
exes,
70%
room
70%
about
69%
'Cause
69%
'cause
69%
never
69%
not
69%
But
67%
have
67%
met
67%
met?
67%
my
67%
take
67%
bore
66%
Haters,
66%
know
64%
leaving
64%
spinning
64%
thinking
64%
chorus
63%
fittin'
63%
obsessed
63%
obsessed,
63%
whole
63%
tipsy
61%
us,
61%
Get,
59%
get
59%
clues
58%
way
58%
else
52%
'em
50%
DNA
48%
outta
47%
priceless
47%
c'mon
44%
can't
41%
bubble
34%
deal
34%
tryna
34%
burst
33%
Name,
33%
shading
28%
blame
27%
I've
25%
pit
25%
slayed
25%
guilty
23%
mosh
23%
shame,
22%
graved
17%
frame
14%
Yes,
14%
No matching quizzes found
Score Distribution
Percent of People with Each Score
Percentile by Number Answered
Your Score History
You have not taken this quiz since the last reset